Labor economics; wages, employment, and trade unionism / (Record no. 8573)
[ view plain ]
| 000 -LEADER | |
|---|---|
| fixed length control field | 00814nam a2200265 a 4500 |
| 001 - CONTROL NUMBER | |
| JCCL Control Number | 8573 |
| 003 - CONTROL NUMBER IDENTIFIER | |
| JCCL marc code | BD-JhCC |
| 005 - DATE AND TIME OF LATEST TRANSACTION | |
| control field | 20180919124543.0 |
| 008 - FIXED-LENGTH DATA ELEMENTS--GENERAL INFORMATION | |
| fixed length control field | 190918s1972 ilua b 001 0 eng d |
| 035 ## - SYSTEM CONTROL NUMBER | |
| system control number | OCLC ocm00348402 from D950501M |
| 040 ## - CATALOGING SOURCE | |
| Original cataloging agency | DLC |
| Transcribing agency | DLC |
| Modifying agency | EQO |
| -- | BD-JhCC |
| 041 ## - LANGUAGE CODE | |
| Language code of Book | eng |
| 050 #0 - LIBRARY OF CONGRESS CALL NUMBER | |
| Classification number | HD4901 |
| Item number | .C34 1972 |
| 082 ## - DEWEY DECIMAL CLASSIFICATION NUMBER | |
| Classification number | 331 |
| Author mark and Year | CAR 1967 |
| 100 1# - MAIN ENTRY--PERSONAL NAME | |
| Personal name | Cartter, Allan M. |
| Fuller form of name | (Allan Murray), |
| Dates associated with a name | 1922-1976. |
| 245 00 - TITLE STATEMENT | |
| Title | Labor economics; wages, employment, and trade unionism / |
| Statement of responsibility, etc | [by] Allan M. Cartter [and] F. Ray Marshall |
| 250 ## - EDITION STATEMENT | |
| Edition statement | Rev. ed |
| 260 ## - PUBLICATION, DISTRIBUTION, ETC. (IMPRINT) | |
| Place of publication, distribution, etc | Homewood, Ill : |
| Name of publisher, distributor, etc | R. D. Irwin, |
| Date of publication, distribution, etc | 1967 |
| 300 ## - PHYSICAL DESCRIPTION | |
| Pagination | 584 p. |
| Other physical details | illus. |
| Dimensions | 24 cm |
| 490 1# - SERIES STATEMENT | |
| Series statement | The Irwin series in economics |
| 504 ## - BIBLIOGRAPHY, ETC. NOTE | |
| Bibliography, etc | Includes bibliographies |
| 650 #0 - SUBJECT ADDED ENTRY--TOPICAL TERM | |
| Topical term or geographic name as entry element | Labor economics. |
| 700 1# - ADDED ENTRY--PERSONAL NAME | |
| Personal name | Marshall, F. Ray. |
| 942 ## - ADDED ENTRY ELEMENTS (KOHA) | |
| Source of classification or shelving scheme | Dewey Decimal Classification |
| Koha item type | Books |
| Source of classification or shelving scheme | Damaged status | Not for loan | Home library | Current library | Shelving location | Total Checkouts | Full call number | Barcode | Date last seen | Copy number | Koha item type |
|---|---|---|---|---|---|---|---|---|---|---|---|
| Dewey Decimal Classification | JCC Rouf Library | JCC Rouf Library | General Stacks | 331 CAR 1967 | 11352 | 02/27/2018 | C - 1 | Books |